Výročná správa 1997 Nadácia otvorenej spoločnosti
Gespeichert in:
| Format: | Buch |
|---|---|
| Sprache: | Slowakisch |
| Veröffentlicht: |
Bratislava
Nadácia otvorenej spoločnosti
1997
|
| Schlagworte: | |
| Tags: |
Keine Tags, Fügen Sie das erste Tag hinzu!
|
MARC
| LEADER | 00000nam a2200000 4500 | ||
|---|---|---|---|
| 001 | c137762 | ||
| 005 | 20221109111708.2 | ||
| 041 | 0 | |a slo | |
| 044 | |a SK | ||
| 245 | 1 | 0 | |a Výročná správa 1997 |b Nadácia otvorenej spoločnosti |
| 264 | 1 | |a Bratislava |b Nadácia otvorenej spoločnosti |c 1997 | |
| 300 | |a 96 s. | ||
| 610 | 2 | 0 | |a nadácie |
| 610 | 2 | 0 | |a spoločnosť |
| 610 | 2 | 0 | |a demokracia |
| 610 | 2 | 0 | |a programy |
| 610 | 2 | 0 | |a projekty |
| 610 | 2 | 0 | |a vzdelávanie |
| 610 | 2 | 0 | |a deti |
| 610 | 2 | 0 | |a mládež |
| 610 | 2 | 0 | |a konferencie |
| 610 | 2 | 0 | |a knižnice |
| 610 | 2 | 0 | |a granty |
| 610 | 2 | 0 | |a práva ľudské |
| 610 | 2 | 0 | |a zdravotníctvo |
| 610 | 2 | 0 | |a reformy hospodárske |
| 610 | 2 | 0 | |a právo |
| 610 | 2 | 0 | |a médiá |
| 610 | 2 | 0 | |a umenie |
| 610 | 2 | 0 | |a kultúra |
| 610 | 2 | 0 | |a veda |
| 610 | 2 | 0 | |a prostredie životné |
| 610 | 2 | 0 | |a internet |
| 610 | 2 | 0 | |a štruktúra organizačná |
| 610 | 2 | 0 | |a súvaha |
| 610 | 2 | 0 | |a majetok |
| 610 | 2 | 0 | |a Slovensko |